<?xml version="1.0" encoding="UTF-8"?>
<collection xmlns="http://www.loc.gov/MARC21/slim">
 <record>
  <leader>00948nam a22002175a 4500</leader>
  <controlfield tag="001">CEM.cems014957</controlfield>
  <controlfield tag="005">20181018171854.0</controlfield>
  <controlfield tag="008">130507s2010##################000#0#####d</controlfield>
  <controlfield tag="003">CEMS</controlfield>
  <datafield tag="020" ind1=" " ind2=" ">
   <subfield code="a">9789875763920</subfield>
  </datafield>
  <datafield tag="082" ind1="0" ind2="4">
   <subfield code="a">468.1</subfield>
  </datafield>
  <datafield tag="100" ind1="1" ind2=" ">
   <subfield code="a">Archanco, Pamela</subfield>
  </datafield>
  <datafield tag="245" ind1="1" ind2="0">
   <subfield code="a">Atrapafaltas :</subfield>
   <subfield code="b">escritura y ortografía iii /</subfield>
   <subfield code="c">Pamela Archanco y Aníbal Benítez</subfield>
  </datafield>
  <datafield tag="260" ind1=" " ind2=" ">
   <subfield code="a">Buenos Aires :</subfield>
   <subfield code="b">Tinta Fresca,</subfield>
   <subfield code="c">2010</subfield>
  </datafield>
  <datafield tag="300" ind1=" " ind2=" ">
   <subfield code="a">96 p.</subfield>
  </datafield>
  <datafield tag="505" ind1="0" ind2=" ">
   <subfield code="a">Máquinas inteligentes : cuando se trata de explicar -- Voces de personas y personajes : Textos con diálogos -- Entre crónicas, anécdotas y relatos : El mundo de la narración -- Una mirada atenta : cuando se trata de describir -- Chicos con energía : textos con fundamento -- Destinos soñados : con el acento en el viaje</subfield>
  </datafield>
  <datafield tag="653" ind1=" " ind2=" ">
   <subfield code="a">Lengua</subfield>
  </datafield>
  <datafield tag="653" ind1=" " ind2=" ">
   <subfield code="a">Escritura</subfield>
  </datafield>
  <datafield tag="653" ind1=" " ind2=" ">
   <subfield code="a">Ortografía</subfield>
  </datafield>
  <datafield tag="700" ind1="1" ind2=" ">
   <subfield code="a">Benítez, Aníbal</subfield>
  </datafield>
  <datafield tag="859" ind1=" " ind2=" ">
   <subfield code="a">CEMS</subfield>
   <subfield code="b">BIB. CEMS - 11 de abril</subfield>
   <subfield code="h">468.1</subfield>
   <subfield code="i">Ar26</subfield>
   <subfield code="p">26965.14</subfield>
   <subfield code="t">Ej.1</subfield>
   <subfield code="v">III</subfield>
   <subfield code="3">III</subfield>
  </datafield>
 </record>
</collection>
